[Event "Sao Bento do Sul op"]
[Site "Sao Bento do Sul"]
[Date "2019.08.24"]
[Round "3"]
[White "Rosa Alves, Andre Gustavo"]
[Black "Frohlich, Mateus Henrique"]
[Result "1/2-1/2"]
[WhiteElo "1779"]
[BlackElo "1440"]
[PlyCount "64"]
[EventDate "2019.08.23"]
[EventType "swiss"]
[EventRounds "7"]
[EventCountry "BRA"]
[SourceTitle "EXT 2020"]
[Source "ChessBase"]
[SourceDate "2019.10.17"]
[SourceVersion "1"]
[SourceVersionDate "2019.10.17"]
[SourceQuality "1"]

1. d4 d5 2. Nf3 Nf6 3. g3 g6 4. Bg2 Bg7 5. 0-0 0-0 6. c4 c6 7. Nc3 Bg4 8. cxd5 Bxf3 9. Bxf3 cxd5 10. Qb3 Nc6 11. e3 Na5 12. Qb4 Rb8 13. b3 e6 14. Bd2 Re8 15. Nxd5 Nc6 16. Nxf6+ Bxf6 17. Bxc6 bxc6 18. Qa4 Qb6 19. Rac1 Rec8 20. Bb4 Qxb4 21. Qxa7 Qb7 22. Qc5 Ra8 23. Rc2 Qb5 24. Qd6 Qd5 25. Qf4 Qf5 26. Rfc1 Qxf4 27. exf4 Kg7 28. Kg2 Be7 29. Kf3 Ra6 30. Ke4 Ba3 31. Rb1 c5 32. b4 Bxb4 1/2-1/2

[Event "Registro op 10th"]
[Site "Registro"]
[Date "2019.08.03"]
[Round "5"]
[White "Ferreira, Caio Tulio Moreira"]
[Black "Rosa Alves, Andre Gustavo"]
[Result "0-1"]
[WhiteElo "1642"]
[BlackElo "1779"]
[PlyCount "82"]
[EventDate "2019.08.01"]
[EventType "swiss"]
[EventRounds "7"]
[EventCountry "BRA"]
[SourceTitle "EXT 2020"]
[Source "ChessBase"]
[SourceDate "2019.10.17"]
[SourceVersion "1"]
[SourceVersionDate "2019.10.17"]
[SourceQuality "1"]

1. e4 e6 2. d4 d5 3. Nd2 Nf6 4. e5 Nfd7 5. Bd3 c5 6. c3 Nc6 7. Ne2 cxd4 8. cxd4 Qb6 9. Nf3 Bb4+ 10. Kf1 h6 11. g4 Be7 12. a3 a5 13. Rb1 a4 14. g5 hxg5 15. Bxg5 Bxg5 16. Nxg5 Nxd4 17. Nxd4 Qxd4 18. Nxf7 Rf8 19. Bg6 Qxd1+ 20. Rxd1 Rxf7 21. Bxf7+ Kxf7 22. f4 Nb6 23. Rd2 Nc4 24. Rf2 Bd7 25. Ke1 Rc8 26. Kd1 Bb5 27. Rg1 Ne3+ 28. Kd2 d4 29. Rc1 Nc4+ 30. Ke1 Rd8 31. Rfc2 d3 32. Rd2 Nxd2 33. Kxd2 Bc6 34. Rf1 Rh8 35. Rf2 Rh3 36. f5 exf5 37. Rxf5+ Ke6 38. Rg5 Be4 39. Rxg7 Rxh2+ 40. Kc1 d2+ 41. Kd1 Bf3+ 0-1

[Event "Registro op 10th"]
[Site "Registro"]
[Date "2019.08.03"]
[Round "4"]
[White "Rosa Alves, Andre Gustavo"]
[Black "Ichimura G Barbosa, Larissa Yuki"]
[Result "1/2-1/2"]
[WhiteElo "1779"]
[BlackElo "2033"]
[PlyCount "98"]
[EventDate "2019.08.01"]
[EventType "swiss"]
[EventRounds "7"]
[EventCountry "BRA"]
[SourceTitle "EXT 2020"]
[Source "ChessBase"]
[SourceDate "2019.10.17"]
[SourceVersion "1"]
[SourceVersionDate "2019.10.17"]
[SourceQuality "1"]

1. d4 Nf6 2. g3 g6 3. Bg2 Bg7 4. e4 d6 5. Ne2 0-0 6. 0-0 c5 7. d5 e6 8. c4 exd5 9. cxd5 Re8 10. Qc2 b5 11. Bg5 Nbd7 12. Nd2 Bb7 13. a4 a6 14. Qb3 c4 15. Qb4 Nc5 16. axb5 axb5 17. Rxa8 Qxa8 18. Nc3 Ba6 19. Be3 Nfd7 20. Bh3 Qb7 21. Bxd7 Nxd7 22. Qxd6 b4 23. Ra1 bxc3 24. bxc3 Bb5 25. Ra7 Qc8 26. Qb4 Ba6 27. Qa4 Nb8 28. Bf4 Bxc3 29. Rc7 Qd8 30. Bg5 Qxc7 31. Qxe8+ Kg7 32. Be7 Nd7 33. Nf3 Qc8 34. Bd8 Bf6 35. e5 Qxd8 36. exf6+ Qxf6 37. Kg2 Bb5 38. h4 c3 39. h5 h6 40. hxg6 fxg6 41. Qe4 Nc5 42. Qb4 Be2 43. Nd4 Nd3 44. Qb7+ Kg8 45. Qc8+ Kg7 46. Qxc3 Qf7 47. f3 Qxd5 48. Qc7+ Kg8 49. Qc3 Kh7 1/2-1/2

[Event "Florianopolis op 5th"]
[Site "Florianopolis"]
[Date "2019.01.24"]
[Round "5"]
[White "Rosa Alves, Andre Gustavo"]
[Black "Lage, Pedro Ferreira"]
[Result "1/2-1/2"]
[WhiteElo "1726"]
[BlackElo "1986"]
[PlyCount "104"]
[EventDate "2019.01.21"]
[EventType "swiss"]
[EventRounds "10"]
[EventCountry "BRA"]
[SourceTitle "EXT 2020"]
[Source "ChessBase"]
[SourceDate "2019.10.17"]
[SourceVersion "1"]
[SourceVersionDate "2019.10.17"]
[SourceQuality "1"]

1. d4 d5 2. c4 c6 3. Nf3 Nf6 4. cxd5 cxd5 5. Nc3 Nc6 6. Bf4 Qb6 7. Na4 Qa5+ 8. Bd2 Qd8 9. e3 Bf5 10. Bb5 Nd7 11. 0-0 e6 12. Rc1 Rc8 13. Bxc6 bxc6 14. Qe2 Bd6 15. Qa6 0-0 16. Rxc6 Nb8 17. Qxc8 Qxc8 18. Rxc8 Rxc8 19. Rc1 Rxc1+ 20. Bxc1 Nc6 21. a3 Na5 22. Nd2 Kf8 23. Nc5 Nc4 24. Nxc4 dxc4 25. Na4 Ke7 26. Nc3 Bd3 27. f3 Bc7 28. Kf2 h5 29. g3 Ba5 30. Bd2 Bxc3 31. Bxc3 f5 32. Ke1 Kd6 33. Kd2 Bb1 34. Bb4+ Kd5 35. Kc3 g6 36. h4 Ba2 37. Bc5 a5 38. Be7 Bb3 39. Bd8 a4 40. Bc7 Bd1 41. Kb4 Bb3 42. Bf4 Bd1 43. Be5 Bb3 44. Kb5 Bc2 45. Kb6 Bd1 46. Ka5 Bb3 47. Kb5 Bc2 48. Kb4 Bd1 49. e4+ fxe4 50. fxe4+ Kxe4 51. Kxc4 Be2+ 52. Kc3 Bb5 1/2-1/2

[Event "Florianopolis op 5th"]
[Site "Florianopolis"]
[Date "2019.01.23"]
[Round "4"]
[White "Meirelles, Olyntho Vitoria"]
[Black "Rosa Alves, Andre Gustavo"]
[Result "0-1"]
[WhiteElo "1458"]
[BlackElo "1726"]
[PlyCount "68"]
[EventDate "2019.01.21"]
[EventType "swiss"]
[EventRounds "10"]
[EventCountry "BRA"]
[SourceTitle "CBM 188 Extra"]
[Source "ChessBase"]
[SourceDate "2019.02.26"]
[SourceVersion "1"]
[SourceVersionDate "2019.02.26"]
[SourceQuality "1"]

1. e4 e6 2. d4 d5 3. e5 c5 4. c3 Nc6 5. Bb5 Qb6 6. Bxc6+ bxc6 7. Nf3 Ba6 8. Qc2 cxd4 9. cxd4 Rc8 10. Nc3 Bb4 11. Bd2 Ne7 12. a3 Bxc3 13. bxc3 Qb5 14. Be3 Rb8 15. Kd2 Nf5 16. Rab1 Qe2+ 17. Kc1 Rxb1+ 18. Qxb1 Kd7 19. Re1 Qc4 20. Bd2 Kc7 21. Qb4 Rb8 22. Qxc4 Bxc4 23. g4 Ne7 24. Bg5 Ng6 25. h4 Rb3 26. h5 Rxc3+ 27. Kd2 Rxf3 28. hxg6 hxg6 29. Be3 Rh3 30. g5 Rh8 31. Rb1 Rh4 32. Rb4 a5 33. Rb1 c5 34. dxc5 d4 0-1

[Event "Sao Bento do Sul op 10"]
[Site "Sao Bento do Sul"]
[Date "2018.10.20"]
[Round "4"]
[White "Rosa Alves, Andre Gustavo"]
[Black "De Oliveira, Guilherme Alfredo B"]
[Result "0-1"]
[WhiteElo "1719"]
[BlackElo "1929"]
[PlyCount "72"]
[EventDate "2018.10.19"]
[EventType "swiss"]
[EventRounds "7"]
[EventCountry "BRA"]
[SourceTitle "EXT 2021"]
[Source "ChessBase"]
[SourceDate "2020.10.23"]
[SourceVersion "1"]
[SourceVersionDate "2020.10.23"]
[SourceQuality "1"]

1. d4 Nf6 2. c4 e6 3. Nf3 Bb4+ 4. Bd2 Qe7 5. a3 Bxd2+ 6. Nbxd2 b6 7. e4 d6 8. Bd3 e5 9. 0-0 0-0 10. h3 Nh5 11. Re1 Nf4 12. Bf1 Nc6 13. d5 Nd8 14. Kh2 f5 15. g3 Ng6 16. Bd3 f4 17. Qe2 Rf6 18. Rg1 Nf8 19. Rg2 Rh6 20. Nh4 Qg5 21. Ndf3 Qf6 22. Rag1 g6 23. b4 Nf7 24. Rc1 Ng5 25. Nxg5 Qxg5 26. Nf5 Bxf5 27. exf5 fxg3+ 28. Rxg3 Qxc1 29. fxg6 Nxg6 30. Qg4 Qf4 31. Qe6+ Qf7 32. Bxg6 Rxg6 33. Rxg6+ hxg6 34. Qg4 Qxf2+ 35. Kh1 Qf5 36. Qh4 Rf8 0-1

[Event "Sao Bento do Sul op 10"]
[Site "Sao Bento do Sul"]
[Date "2018.10.20"]
[Round "3"]
[White "Sarda, Pedro Sada"]
[Black "Rosa Alves, Andre Gustavo"]
[Result "0-1"]
[WhiteElo "1445"]
[BlackElo "1719"]
[PlyCount "56"]
[EventDate "2018.10.19"]
[EventType "swiss"]
[EventRounds "7"]
[EventCountry "BRA"]
[SourceTitle "EXT 2021"]
[Source "ChessBase"]
[SourceDate "2020.10.23"]
[SourceVersion "1"]
[SourceVersionDate "2020.10.23"]
[SourceQuality "1"]

1. d4 g6 2. Nf3 Bg7 3. Bg5 Nf6 4. Nbd2 d5 5. e3 0-0 6. Be2 Bf5 7. h3 Nbd7 8. g4 Be6 9. Bxf6 exf6 10. c3 c5 11. Qc2 a5 12. dxc5 Nxc5 13. Nd4 a4 14. a3 Re8 15. 0-0-0 Qb6 16. h4 Ne4 17. Nxe4 dxe4 18. Nxe6 Qxe6 19. g5 Rec8 20. Rdg1 f5 21. h5 Qa2 22. c4 b5 23. Qb1 Qxb1+ 24. Kxb1 bxc4 25. Rc1 Rab8 26. Rxc4 Rxb2+ 27. Kc1 Rcb8 28. Rd1 Rxe2 0-1

[Event "Sao Bento do Sul op 08"]
[Site "Sao Bento do Sul"]
[Date "2018.08.24"]
[Round "1"]
[White "Maia, Flavia Silveira Gon"]
[Black "Rosa Alves, Andre Gustavo"]
[Result "0-1"]
[WhiteElo "1079"]
[BlackElo "1744"]
[PlyCount "78"]
[EventDate "2018.08.24"]
[EventType "swiss"]
[EventRounds "6"]
[EventCountry "BRA"]
[SourceTitle "EXT 2021"]
[Source "ChessBase"]
[SourceDate "2020.10.23"]
[SourceVersion "1"]
[SourceVersionDate "2020.10.23"]
[SourceQuality "1"]

1. d4 Nf6 2. c4 e6 3. Nc3 g6 4. e4 Bg7 5. Be3 d5 6. e5 Ng8 7. Nf3 Ne7 8. Bg5 h6 9. Bf6 Bxf6 10. exf6 Ng8 11. c5 Nxf6 12. Bb5+ Bd7 13. a4 a6 14. Bd3 Nc6 15. Nh4 Qe7 16. Nxg6 fxg6 17. Bxg6+ Kd8 18. 0-0 Rg8 19. Qd3 Qg7 20. g3 Qxg6 21. Qxg6 Rxg6 22. Rae1 Nxd4 23. Na2 Nf3+ 24. Kg2 Nxe1+ 25. Rxe1 Ke7 26. Nc3 Rf8 27. Ne2 Ne4 28. Rf1 Nxc5 29. Nd4 Ne4 30. Nf3 Rxf3 31. Kxf3 Nd2+ 32. Ke2 Nxf1 33. Kxf1 Bxa4 34. h4 Kd6 35. Kg2 c5 36. Kh3 d4 37. f4 d3 38. g4 d2 39. g5 d1Q 0-1

[Event "Sao Bento do Sul op 06"]
[Site "Sao Bento do Sul"]
[Date "2018.06.16"]
[Round "4"]
[White "Rosa Alves, Andre Gustavo"]
[Black "Volkmann, Andre Jordi"]
[Result "0-1"]
[WhiteElo "1714"]
[BlackElo "1933"]
[PlyCount "75"]
[EventDate "2018.06.15"]
[EventType "swiss"]
[EventRounds "6"]
[EventCountry "BRA"]
[SourceTitle "EXT 2021"]
[Source "ChessBase"]
[SourceDate "2020.10.23"]
[SourceVersion "1"]
[SourceVersionDate "2020.10.23"]
[SourceQuality "1"]

1. d4 d5 2. c4 e6 3. Nf3 Nf6 4. Bf4 a6 5. e3 dxc4 6. Bxc4 b5 7. Be2 Bb7 8. 0-0 Nbd7 9. Nbd2 Be7 10. h3 0-0 11. Rc1 c5 12. dxc5 Bxc5 13. Nb3 Bb6 14. Bd6 Re8 15. Nc5 Bd5 16. b4 Nxc5 17. bxc5 Bc7 18. Bxc7 Qxc7 19. a4 bxa4 20. Qxa4 Ne4 21. c6 Rec8 22. Nd4 e5 23. Nf5 g6 24. Rfd1 Nf6 25. e4 Bxe4 26. Rd7 Qxd7 27. cxd7 Rxc1+ 28. Kh2 Bxf5 29. Qxa6 Rxa6 30. d8Q+ Kg7 31. Bxa6 Rc2 32. f3 e4 33. Bb7 e3 34. Qd4 e2 35. Qe3 Bd3 36. Kg3 Rb2 37. Kf2 Rb1 38. Bc8 0-1